| 000 | 00583nam a22002057a 4500 | ||
|---|---|---|---|
| 003 | OSt | ||
| 005 | 20251221164627.0 | ||
| 008 | 251221b |||||||| |||| 00| 0 eng d | ||
| 040 | _cDCL | ||
| 041 | _aEnglish | ||
| 082 | _a959.1Th | ||
| 100 | 0 | _aThan Tun | |
| 245 | 1 | 0 |
_aA modern history of Myanmar (1752 - 1948) / _cThan Tun. |
| 260 |
_aMandalay : _bKyipwayay, _c2000. |
||
| 300 |
_a211 pages : _c21 cm. |
||
| 500 | _aIncludes index | ||
| 651 |
_aMyanmar _vHistory _yKonbaung dynasty, 1752-1885 |
||
| 651 |
_aMyanmar _vHistory _y1824-1948 |
||
| 942 |
_2ddc _cSHORT TERM _n0 |
||
| 999 |
_c2774 _d2774 |
||